| 000 | 00315 a2200133 4500 | ||
|---|---|---|---|
| 001 | 63654 | ||
| 082 | _a620.1122POP | ||
| 090 |
_c37652 _d37652 |
||
| 100 | _aPopv E.P. | ||
| 245 | _aEngineering Mechanics of solids, 2nd Ed | ||
| 250 | _a2 | ||
| 260 |
_aSingapore _bPearson education _c2003 |
||
| 300 | _axv,864p. | ||
| 942 |
_aNUST-CAE _k620.1122POP |
||
| 999 |
_c298727 _d298727 |
||